| 000 | 01056cam a2200301 a 4500 | ||
|---|---|---|---|
| 003 | OSt | ||
| 005 | 20210131164634.0 | ||
| 008 | 111215s2009 ck abo r 000 0 spa d | ||
| 020 | _a9789588427126 (v.1) | ||
| 020 | _a9789588427133 (v. 2) | ||
| 020 | _a9789588427140 (v. 3) | ||
| 040 |
_aCO-JMCR _cCO-JMCR |
||
| 041 | 0 | _aspa | |
| 082 | 0 | 4 |
_a320.1 / _bM357h _221 |
| 100 | 1 |
_aMarquardt, Bernd, _eautor _9357 |
|
| 245 | 1 | 0 |
_aHistoria universal del estado / _cBernd Marquard |
| 260 |
_aBogotá : _bLa Carreta Editores : _bUniversidad Nacional de Colombia, _c2009 |
||
| 300 |
_avolúmen : _bilustraciones, fotos y mapas ; _c22 cm. |
||
| 490 | 0 | _aLa carreta histórica | |
| 500 | _aIncluye datos biográficos del autor al final del texto | ||
| 504 | _aBibliografía: páginas 189-222 | ||
| 505 | 0 |
_gVol. 1. _tSociedades preestatales y reinos dinásticos. -- |
|
| 650 | 1 | 4 |
_aHistoria universal _910609 |
| 650 | 2 | 4 |
_aParticipación del estado _95670 |
| 650 | 2 | 4 |
_aHistoria constitucional _98121 |
| 650 | 2 | 4 |
_aEstado _xTeorías _912910 |
| 942 |
_2ddc _cBK |
||
| 999 |
_c7075 _d7075 |
||